00567nam a2200205 a 4500001001300000003000900013005001700022008004100039020002300080082001500103100002000118245008100138260002400219300000900243500003500252505001500287650002400302650001500326700002000341nice12345678IN_TiNIC20260116012839.0050524s1980 gena grp 000 0 eng  a2825400 c10000a261.7bROG aRogers, Barbara aRaceb No Peace Without Justice-Churches Confront the Mounting Racism of 198 aGeneva bWCC c1980 a132p aincludes index and biblioraphy2 aAppendices aChristianity-Racism aWcc-Racism1 aRogers, Barbara